000 00841nam a2200241 i 4500
001 71572
003 ES-MaACL
005 20251114102518.0
007 t|
008 040812m19831985sp ||||1| spa d
020 _a84-265-4100-3
080 _a913(100)(075.8)
245 0 0 _aGeografía descriptiva /
_cdirigida por José Manuel Casas Torres.
260 _aMadrid :
_bMagisterio Español,
_c1983-1985.
300 _a3 v. :
_bil, mapas ;
_c24 cm.
490 1 _aBiblioteca universitaria
505 8 _aContiene: 1. Europa y los países del Mediterráneo no europeos - 2. África, Asia, Australia y Nueva Zelanda - 3. América
650 7 _aGeografía
_2embne
_913070
700 1 _aCasas Torres, José Manuel,
_d1916-2010
_936236
830 1 _aBiblioteca universitaria
_9177461
852 _aES-MaACL
_jA-1016-18
999 _c71572
_d71572